000 01303nac a22003011i 4500
003 EG-ScBUE
005 20250522134132.0
008 250416r20041997ii a f 001 0 eng d
020 _a8121914698
020 _a9788121914697
040 _aEG-ScBUE
_beng
_erda
_cEG-ScBUE
_dEG-ScBUE
082 0 4 _a530.15
_bDAS
_222
100 1 _aDass, H. K.,
_eauthor.
245 1 0 _aMathematical physics :
_b[for the students of B.Sc. (Honours) and M.Sc. (physics)] /
_cprof. H. K. Dass., M.Sc., Diploma in Specialist Studies (Maths.), University of Hull (England) ; assisted by Dr. Rama Verma, M.Sc., Ph.D., Mata Sundri College, Delhi University.
250 _aReprinted with corrections.
264 1 _aRam Nagar, New Delhi :
_bS. Chand & Company LTD.,
_c2004.
300 _axv, 1134 Pages :
_billustrations ;
_c24 cm
336 _2rdacontent
_atext
_btxt
337 _aunmediated
_2rdamedia
_bn
338 _avolume
_bnc
_2rdacarrier
500 _aIncludes index.
521 _aFor the students of B.Sc. (Honours) and M.Sc. (physics).
586 _aSecular India award-98 for national integration and communal harmony given by Prime Minister Shri Atal Behari Vajpayee on 12th June 1999.
650 7 _aMathematical physics.
_2BUEsh
655 _vReading book
700 1 _aVerma, Rama,
_eauthor.
942 _cBB
_2ddc
999 _c1222
_d1222